000 00627nam a22001937a 4500
999 _c61855
_d61855
005 20240529173420.0
008 240529s2006 enk||||| |||| 00| 0 eng d
020 _a9781416001836x
041 _aeng
080 _a616.1 M-83
100 _aMoore, Wesley S.
_922225
245 _aVascular and Endovascular Surgery:
_bA Comprehensive Review /
_cWesley S. Moore.
250 _a7th edition
264 _aPhiladelphia :
_b‎Saunders,
_c2006.
300 _a972 p.:
_bill.;
_c28 cm.
653 _aსისხლძარღვთა ქირურგია
653 _aმედიცინა
942 _2udc
_cᲬᲘᲒᲜᲘ